000
00299nam a2200121Ia 4500
008
191201s2015 xx 000 0 und d
100
_a
VERMA,Shalini
245
0
_a
Technical Communication for Engineers
260
_a
N. Delhi
_b
Vikas Pub
_c
2015
300
_a
NULL
650
_a
Applied
942
_2
ddc
_c
BK
999
_c
481
_d
481